Nuevos aportes del Rorschach al psicodiagnóstico /

Compilación de diversos autores, en su mayoría estadounidenses, que tienen como elemento común la utilización del Sistema Comprehensivo de Exner y enfoques afines al mismo, mismos que ofrecen una muestra actualizada de las diversas aplicaciones e interpretaciones que origina actualmente el test de R...

Full description

Saved in:
Bibliographic Details
Main Author: Gavilán Martiarena, Zunilda (comp.)
Format: Book
Language:Español
Published: Buenos Aires, Argentina : Paidós, 2009, c2009
Series:(Cuadernos de Evaluación Psicológica ; 14)
Subjects:
Tags: Add Tag
No Tags, Be the first to tag this record!

MARC

LEADER 00000nam^a2200000^a^4500
001 000304226
005 20250521000000.0
009 20260310112713.119
020 |a 978-950-12-2914-1 
037 |a Acervo ITESO - Biblioteca 
041 |a ESP 
082 |a 155. 2842  |b GAV 
100 |a Gavilán Martiarena, Zunilda  |e (comp.) 
245 1 0 |a Nuevos aportes del Rorschach al psicodiagnóstico /  |c Comp. de Z. Gavilán Martiarena ; pról. de Vera Campo ; tr. por Daniela Furno, Inés María Amuchástegui, Sandra Mármora. 
264 4 |a Buenos Aires, Argentina :  |b Paidós,  |c 2009, c2009 
300 |a 278 p. 
336 |a texto  |b txt  |2 rdacontenido 
337 |a sin mediación  |b n  |2 rdamedio 
338 |a volumen  |b nc  |2 rdasoporte 
440 1 |a (Cuadernos de Evaluación Psicológica ;  |v 14) 
520 |a Compilación de diversos autores, en su mayoría estadounidenses, que tienen como elemento común la utilización del Sistema Comprehensivo de Exner y enfoques afines al mismo, mismos que ofrecen una muestra actualizada de las diversas aplicaciones e interpretaciones que origina actualmente el test de Rorschach. 
649 |a XX 
650 |a Pruebas de Personalidad Proyectivas -  |x Tema Principal 
650 |a Pruebas Psicológicas 
650 |a Psicometría 
650 |a Psicoterapia 
650 |a Psicopatología 
650 |a Psicología Clínica 
650 |a Psicología Diferencial 
910 |a Fondo General 
920 |a Impresos - Libros 
930 |a Colección General 
905 |a 101 
901 |a 0500190818  |b IT1  |c ACC  |i C125091  |u 20250521 
902 |a https://opac.biblio.iteso.mx/vufind/Record/000304226